LEADER 01089nam--2200385---450- 001 990001477890203316 005 20040610184921.0 010 $a0-8247-0811-3 035 $a000147789 035 $aUSA01000147789 035 $a(ALEPH)000147789USA01 035 $a000147789 100 $a20040304d2003----km-y0enga50------ba 101 0 $aeng 102 $aUS 105 $a||||||||001yy 200 1 $aDrug-iduced liver disease$fedited by Neil Kaplowitz, Laurie D. Deleve 210 $aNew York$cDekker$d2003 215 $aXII, 773 p.$d25 cm 606 0 $aEpatologia 606 0 $aDroghe 676 $a616.36 702 1$aKAPLOWITZ,$bNeil 702 1$aDELEVE,$bLaurie D. 801 0$aIT$bsalbc$gISBD 912 $a990001477890203316 951 $a616.36 DRU$b3701 FARM$c616$d00132445 959 $aBK 969 $aFAR 979 $aMARIA$b10$c20040304$lUSA01$h1324 979 $aPATRY$b90$c20040406$lUSA01$h1743 979 $aSIAVER$b90$c20040610$lUSA01$h1848 979 $aSIAVER$b90$c20040610$lUSA01$h1849 996 $aDrug-iduced liver disease$9933884 997 $aUNISA LEADER 01080nam a2200265 i 4500 001 991001706399707536 005 20020503152711.0 008 010315s1960 it ||| | ita 035 $ab10261357-39ule_inst 035 $aEXGIL90110$9ExL 040 $aBiblioteca Interfacoltà$bita 082 0 $a804 100 1 $aGabrieli, Francesco$0292666 245 10$aAbbozzi e profili /$cFrancesco Gabrieli 260 $aSapri :$bIl centro librario,$c1960 300 $a126 p. ;$c24 cm. 490 0 $aQuaderni del Centro librario per la diffusione della cultura nel Mezzogiorno. Sez. 17.. Civiltà antiche e moderne 490 0 $aQuaderni del Centro librario per la diffusione della cultura nel Mezzogiorno. Sez. 17., Civiltà antiche e moderne ;$v1 650 4$aLetteratura 907 $a.b10261357$b17-02-17$c27-06-02 912 $a991001706399707536 945 $aLE002 Sal. I D 12$g1$i2002000738110$lle002$o-$pE0.00$q-$rn$so $t0$u0$v0$w0$x0$y.i10311889$z27-06-02 996 $aAbbozzi e profili$9211370 997 $aUNISALENTO 998 $ale002$b01-01-01$cm$da $e-$fita$git $h0$i1 LEADER 01146nam a22002651i 4500 001 991001460709707536 005 20031205084657.0 008 040407s1927 be |||||||||||||||||fre 035 $ab12773712-39ule_inst 035 $aARCHE-075334$9ExL 040 $aDip.to Scienze Storiche$bita$cA.t.i. Arché s.c.r.l. Pandora Sicilia s.r.l. 082 04$a234.166 100 1 $aPérinelle, Joseph$0314046 245 12$aL'attrition d'après de Concile de Trente et d'après Saint Thomas d'Aquin /$cpar J. Périnelle 260 $aKain :$bRevue des sciences philosophiques et theologiques,$c1927 300 $a151 p. ;$c21 cm 440 0$aBibliothèque thomiste.$pSection theologique ;$v1 650 4$aPentimento$xReligioni comparate 650 4$aContrizione$xReligioni comparate 907 $a.b12773712$b02-04-14$c16-04-04 912 $a991001460709707536 945 $aLE009 MSM VII Coll. 4/10$g1$i2009000187528$lle009$o-$pE0.00$q-$rn$so $t0$u0$v0$w0$x0$y.i13316643$z16-04-04 996 $aAttrition d'après de Concile de Trente et d'après Saint Thomas d'Aquin$9295241 997 $aUNISALENTO 998 $ale009$b16-04-04$cm$da $e-$ffre$gbe $h2$i1